000 00724cam a22002411 4500
001 000004678
005 20200929151459.0
008 720710s1967 fr 000 0 fre
010 _a68094051
015 _aF68-3803
040 _aDO-SdBNP
_cOWoC
_dOCoLC
_dDLC
042 _apremarc
082 _a843.912
_bB386m
100 1 _aBeauvoir, Simone de,
_d1908-1986.
_913630
245 1 3 _aLa mujer rota :
_bla edad de la discreción, monólogo /
_cSimone de Beauvoir.
260 _a[París] :
_bGallimard,
_c1967.
300 _a256 p. ;
_c19 cm.
500 _aOn cover: Recits.
650 4 _aNovela francesa
_91075
650 4 _aLiteratura francesa
_91074
650 4 _aMonólogo
_98204
910 _aCatalogación por copia / LC
999 _c4484
_d4484